Housebuyers hold back (Record no. 71953)

MARC details
000 -LEADER
fixed length control field 01025cam a2200205 4500
001 - CONTROL NUMBER
control field WB3903-07
008 - FIXED-LENGTH DATA ELEMENTS--GENERAL INFORMATION
fixed length control field 030122n2003 000 0 eng u
035 ## - SYSTEM CONTROL NUMBER
System control number (Sirsi) u121092
245 ## - TITLE STATEMENT
Title Housebuyers hold back
260 ## - PUBLICATION, DISTRIBUTION, ETC.
Date of publication, distribution, etc. 2003
490 ## - SERIES STATEMENT
Series statement RICS Press Release
Volume/sequential designation (pr005) 23 January 2003, (1)
520 ## - SUMMARY, ETC.
Summary, etc. The latest "RICS Housing market survey England and Wales" reveals that househunters are delaying their buying plans while they wait to see which way the market moves. It also shows prices rising in all regions except London, where the figures show a slight fall, although this market has at least stabilised. The survey can be found at http://www.rics.org/ricscms/bin/show?class=MarketSurvey&template=/includes/showmarketsurvey.html&id=4 5 http://www.rics.org/ricscms/bin/show?class=PressRelease&template=/includes/showpr.html&id=854
590 ## - LOCAL NOTE (RLIN)
Local note WB
650 ## - SUBJECT ADDED ENTRY--TOPICAL TERM
Topical term or geographic name entry element MARKET SURVEYS
650 ## - SUBJECT ADDED ENTRY--TOPICAL TERM
Topical term or geographic name entry element HOUSE BUYERS
650 ## - SUBJECT ADDED ENTRY--TOPICAL TERM
Topical term or geographic name entry element RESIDENTIAL PROPERTY
9 (RLIN) 6266
650 ## - SUBJECT ADDED ENTRY--TOPICAL TERM
Topical term or geographic name entry element SURVEYS
690 ## - LOCAL SUBJECT ADDED ENTRY--TOPICAL TERM (OCLC, RLIN)
Topical term or geographic name as entry element HOUSING
942 ## - ADDED ENTRY ELEMENTS (KOHA)
Suppress in OPAC 0
Holdings
Withdrawn status Lost status Source of classification or shelving scheme Damaged status Not for loan Home library Current library Shelving location Date acquired Total Checkouts Full call number Barcode Date last seen Copy number Price effective from Koha item type
    Dewey Decimal Classification     London London News article 22/01/2003   WB3903-07 121092-1001 06/08/2019 1 06/08/2019 News article